00927nam a2200241 a 45000010005000000030009000050080041000140200015000550400028000700820017000981000030001152450061001452600035002063000015002414900029002565000266002856500020005516500015005716500031005866500024006176500023006416500021006648277CO-ViMGA141112s2004 ck r 000 u spa d a9582002697 aCO-ViMGAbspacCO-ViMGA04a808.831 M8401 aOrjuela Duarte, Celedonio10aMujeres y otros cuentos de riesgo / cOrjuela Celedonio  aBogotá, cMagisterio, c1996 a125 p. il. aColeccion Montana Magica acont. : la cama 29/Guy de Maupassant, Genoveva me espera siempre/Hernando Tellez, Maria dos Prazeres/Garcia Marquez, Una mujer para la 2da. madrugada/German Santamaria, Las mellizas/Juan Carlos Onetti, Josefina atiende a los senores/Guillermo Cabrera Infante. 14aCabrera Infante14aMaupassant14amujeres - cuentos siglo xx14aOnetti, Juan Carlos14aSantamaria, German14aTellez, Hernando